000 00235nam a2200097Ia 4500
008 190216s9999||||xx |||||||||||||| ||und||
100 _aHarald E Palmer
245 0 _aGrammer Of English Words
260 _bLongman &green &co
942 _cBK
999 _c15189
_d15189